Word Ladder: Hannibal Lecter Meal Quiz Stats

 Plays Quiz Updated Oct 22, 2012

Support Sporcle.
Go Orange.
Score 0/15 Timer 02:00
1 Play Today
Clue 4-Letter Word % Correct
Molten flowing rockLAVA
97.4%
'I ___, I saw, I conquered.'CAME
97.1%
Walk with a problemLIMP
95.6%
Genie storage deviceLAMP
95.3%
Schindler had one of theseLIST
95.1%
'This one time, at band ___....'CAMP
94%
Thpeak with a problemLISP
94%
Where you go spelunkingCAVE
88.5%
Clue 4-Letter Word % Correct
Red root vegetableBEET
88%
PummelBEAT
86.1%
To washLAVE
86%
Legume eaten by Hannibal Lecter with a nice chianti with [First Rung]BEAN
76.9%
For fear thatLEST
69.7%
Legume eaten by Hannibal Lecter with a nice chianti with [Last Rung]FAVA
67.1%
Opposite of n00bLEET
65.2%

Today's Daily Dose

Word Ladder
ING Words

Get the Picture
Nearest Volcano

From the Vault

Famous Figures in Latin American History

by SporcleEXP

History 6m
These 20 historical figures were influential in shaping the modern latin american countries we know today.
Remove Ads.
Support Sporcle.
Get the best of Sporcle when you Go Orange. This ad-free experience offers more features, more stats, and more fun while also helping to support Sporcle. Thank you for becoming a member.

Show Comments

Extras

Top Quizzes Today


Score Distribution

Your Account Isn't Verified!

In order to create a playlist on Sporcle, you need to verify the email address you used during registration. Go to your Sporcle Settings to finish the process.

Report this User

Report this user for behavior that violates our Community Guidelines.

Details: